MANESKIN'S Songs - Statistics

General Stats
  • This quiz has been taken 55 times
    15 since last reset
  • The average score is 27 of 51
Answer Stats
Album Songs % Correct
RUSH! (feat. Tom Morello) GOSSIP
86%
Teatro d'ira - VOL 1 ZITTI E BOUNI
79%
Chosen Chosen
71%
Teatro d'ira - VOL 1 CORALINE
71%
RUSH! MAMMAMIA
71%
RUSH! (ARE U COMING?) VALENTINE
71%
RUSH! BABY SAID
64%
Chosen Beggin'
64%
RUSH! GASOLINE
64%
Teatro d'ira - VOL 1 I WANNA BE YOUR SLAVE
64%
II ballo della vita L'altra dimensione
64%
RUSH! MARK CHAPMAN
64%
RUSH! SUPERMODEL
64%
RUSH! THE LONELIEST
64%
II ballo della vita Torna a casa
64%
RUSH! BLA BLA BLA
57%
Teatro d'ira - VOL 1 FOR YOUR LOVE
57%
Teatro d'ira - VOL 1 LA PAURA DEL BUIO
57%
II ballo della vita New Song
57%
Chosen Somebody Told Me
57%
RUSH! (ARE U COMING?) THE DRIVER
57%
RUSH! (ARE U COMING?) TRASTEVERE
57%
Teatro d'ira - VOL 1 VENT'ANNI
57%
RUSH! DON'T WANNA SLEEP
50%
Single If I Can Dream
50%
RUSH! IL DONO DELLA VITA
50%
Teatro d'ira - VOL 1 IN NOME DEL PADRE
50%
RUSH! KOOL KIDS
50%
II ballo della vita Lasciami stare
50%
Teatro d'ira - VOL 1 LIVIDI SUI GOMITI
50%
RUSH! OWN MY MIND
50%
II ballo della vita Are You Ready?
43%
RUSH! FEEL
43%
RUSH! (ARE U COMING?) HONEY (ARE U COMING?)
43%
II ballo della vita (feat. Vegas Jones) Immortale
43%
RUSH! LA FINE
43%
Chosen Let's Get It Started
43%
II ballo della vita Moriro da Re
43%
RUSH! (ARE U COMING?) OFF MY FACE
43%
RUSH! READ YOUR DIARY
43%
Chosen Recovery
43%
II ballo della vita Sh*t Blvd
43%
RUSH! TIMEZONE
43%
Chosen You Need Me,I Don't Need You
43%
II ballo della vita Close to the top
36%
II ballo della vita Fear for nobody
36%
RUSH! IF NOT FOR YOU
36%
Single (w/ Dolly Parton) Jolene
36%
II ballo della vita Le Parole lontane
36%
II ballo della vita Niente da dire
36%
Chosen Vengo dalla luna
36%
No matching quizzes found
Score Distribution
Percent of People with Each Score
Percentile by Number Answered
Your Score History
You have not taken this quiz since the last reset